| 000 | 00796nam a2200193 i 4500 | ||
|---|---|---|---|
| 003 | IT-RoINE | ||
| 005 | 20191004112428.0 | ||
| 008 | 191004s1941 it |||||r|||| 00| | lat d | ||
| 110 | 1 |
_aGillet, Martin Stanislas, _cArzobispo de Nicea, _d1875-1951 _963132 |
|
| 245 | 1 | 0 |
_aRegula Fratrum et Sororum Tertii Ordinis Saecularis S. Dominici, nencon ejusdem Rituale ac summarium indulgentiarum, privilegiorum et indultorum / _cfr. Martini S. Gillet, magistri generali. |
| 260 |
_aRomae : _bEx domo generalia Ordinis, _c1941. |
||
| 300 |
_a79 p. ; _c15 cm. |
||
| 336 |
_2rdacontent _atext |
||
| 337 |
_2rdamedia _aunmediated |
||
| 338 |
_2rdacarrier _avolume |
||
| 610 | 2 | 4 |
_aTercera Orden de Santo Domingo _xReglas _963133 |
| 650 | 4 |
_98293 _aMonacato y órdenes religiosas _xReglas |
|
| 942 | _cMTS | ||
| 999 |
_c32186 _d32186 |
||